ბათუმის შოთა რუსთაველის სახელმწიფო უნივერსიტეტის ბიბლიოთეკა

ბაში-აჩუკი (ბიბ.ჩანაწერი № 49933)

000 -LEADER
fixed length control field 00748nam a2200229Ia 4500
001 - CONTROL NUMBER
control field 16869
003 - CONTROL NUMBER IDENTIFIER
control field GE_BSU
008 - FIXED-LENGTH DATA ELEMENTS--GENERAL INFORMATION
fixed length control field 181216s||||||||xx |||||||||||||| ||und||
040 ## - CATALOGING SOURCE
Transcribing agency GE_BSU
080 ## - UNIVERSAL DECIMAL CLASSIFICATION NUMBER
Universal Decimal Classification number 821.353.1-316
100 ## - MAIN ENTRY--PERSONAL NAME
Personal name წერეთელი, ა. (აკაკი, 1840-1915)
245 ## - TITLE STATEMENT
Title ბაში-აჩუკი
245 ## - TITLE STATEMENT
Remainder of title ისტ. მოთხრობა
245 ## - TITLE STATEMENT
Statement of responsibility, etc. რედ.გ.ნატროშვილი.ილ.: რ. სტურუა
260 ## - PUBLICATION, DISTRIBUTION, ETC.
Place of publication, distribution, etc. თბილისი
260 ## - PUBLICATION, DISTRIBUTION, ETC.
Name of publisher, distributor, etc. ლიტერატურული გაზეთი
260 ## - PUBLICATION, DISTRIBUTION, ETC.
Date of publication, distribution, etc. 1958
300 ## - PHYSICAL DESCRIPTION
Extent 66 გვ.21სმ.
653 ## - INDEX TERM--UNCONTROLLED
Uncontrolled term ბაში-აჩუკი
653 ## - INDEX TERM--UNCONTROLLED
Uncontrolled term ისტ. მოთხრობა
942 ## - ADDED ENTRY ELEMENTS (KOHA)
Koha item type წიგნი
ეგზემპლარები
Withdrawn status Lost status Damaged status Not for loan Date acquired Barcode Date last seen Price effective from Koha item type
        2018-12-17 21879 2018-12-17 2018-12-17 წიგნი